Management of Labour Force Movement Applied in Slovakia

Sloboda pohybu pracovných síl a význam inštitútu slobodnej pracovnej sily, ktorý využívajú občania SR. Analýza cudzincov na Slovensku a nelegálne zamestnanie ako negatívny, sociálny a hospodársky problém, ktorý nie je v súlade s právnymi predpismi Európskej únie. Opatrenia zavedené na slovenskom tr...

Descrizione completa

Salvato in:
Dettagli Bibliografici
Autore principale: Saxunová, Darina
Altri autori: Chorvatovičová, Lenka
Natura: Capitolo di libro
Lingua:inglese
Soggetti:
Tags: Aggiungi Tag
Nessun Tag, puoi essere il primo ad aggiungerne!!

MARC

LEADER 00000nla a2200000 4500
001 0246681
005 20220323095558.8
041 0 |a eng 
044 |a SK 
245 1 0 |a Management of Labour Force Movement Applied in Slovakia  |c Darina Saxunová, Lenka Chorvatovičová 
520 |a Sloboda pohybu pracovných síl a význam inštitútu slobodnej pracovnej sily, ktorý využívajú občania SR. Analýza cudzincov na Slovensku a nelegálne zamestnanie ako negatívny, sociálny a hospodársky problém, ktorý nie je v súlade s právnymi predpismi Európskej únie. Opatrenia zavedené na slovenskom trhu práce. Odporúčania pre riadenie pohybu pracovných síl ktoré by pomohli zvládnuť "želanú alebo nežiaducu" migráciu ľudí na Slovensku. 
610 2 0 |a migrácia nelegálna 
610 2 0 |a pohyb síl pracovných 
610 2 0 |a trh práce 
610 2 0 |a Slovensko 
100 1 |a Saxunová, Darina 
700 1 |a Chorvatovičová, Lenka